Personnages de 'L'attaque des titans' par images - Statistiques

Statistiques générales
  • Ce quiz a été pris 32 fois
  • Le résultat moyen est 48 sur 160
Statistiques - réponses
Par images Réponse % Correct
Armin Arlert
100%
Eren Kruger
100%
Eren Yeager
100%
Mikasa Ackerman
100%
Erwin Smith
96%
Historia Reiss
96%
Jean Kirstein
96%
Sasha Braus
96%
Ymir
96%
Annie Leonhart
91%
Conny Springer
91%
Levi Ackerman
91%
Reiner Braun
91%
Sieg Yeager
87%
Falco Gleis
83%
Gabi Braun
83%
Hansi Zoe
83%
Kenny Ackerman
83%
Grisha Yeager
78%
Hannes
78%
Marco Bott
78%
Petra Ral
74%
Porco Gaillard
74%
Carla Yeager
70%
Frieda Reiss
65%
Yelena
65%
Marcel Gaillard
61%
Onyankopon
61%
Rod Reiss
61%
Floch Forster
57%
Niccolo
52%
Tom Xaver
52%
Dot Pixis
48%
Hitch Dreyse
48%
Keith Shadis
48%
Mike Zacharias
48%
Theo Magath
48%
Ymir Fritz
48%
Bertholdt Hoover
43%
Dina Fritz
43%
Pieck Finger
43%
Rose Fritz
43%
Thomas Wagner
43%
Willy Tybur
43%
Lara Tybur
39%
Maria Fritz
39%
Nanaba
39%
Roi Fritz
39%
Sina Fritz
39%
Bean
35%
Faye Yeager
35%
Kaya
35%
Pasteur Nick
35%
Gunther Schultz
30%
Marlowe Freudenberg
30%
Ramzi
30%
Udo
30%
Darius Zackley
26%
Daz
26%
Dimo Reeves
26%
Erd Gin
26%
Karl Fritz
26%
Kiyomi Azumabito
26%
Lou
26%
Mina Carolina
26%
Moblit Berner
26%
Oluo Bozado
26%
Uri Reiss
26%
Colt Gleis
22%
Flegel Reeves
22%
Halil
22%
Louise
22%
M. Leonhart
22%
Nifa
22%
Nile Dawk
22%
Samuel Linke-Jackson
22%
Sunny Springer
22%
Lobov
17%
M. Ackerman
17%
Mme Ackerman
17%
Mme Kirstein
17%
Mme Reiss
17%
Mme Springer
17%
M. Smith
17%
M. Springer
17%
Parasite
17%
Rico Brzenska
17%
Sawney
17%
Wald
17%
Abel
13%
Abel Reiss
13%
Anka Rheinberger
13%
Arthur Braus
13%
Ilse Langner
13%
Isabel Magnolia
13%
Kuchel Ackerman
13%
Mitabi Jarnach
13%
Zofia
13%
Calvi
9%
Carlo
9%
Carly Stratmann
9%
Dieter Ness
9%
Djel Sannes
9%
Faux Roi Fritz
9%
Franz Kafka
9%
Furlan Church
9%
Gelgar
9%
Gordon
9%
Hannah Diamant
9%
Henning
9%
Ian Dietrich
9%
Karina Braun
9%
Keiji
9%
KItz Woermann
9%
Luke Cis
9%
Lynne
9%
Martin Springer
9%
M. Finger
9%
Mme Yeager
9%
Muller
9%
M. Yeager
9%
Mylius Zeramuski
9%
Nack Tierce
9%
Ogweno
9%
Peer
9%
Ralph
9%
Traute Caven
9%
Alma
4%
Aurille
4%
Beirer
4%
Boris Feulner
4%
Carsten
4%
Deltoff
4%
Dirk
4%
Dirk Reiss
4%
Duran
4%
Ellie
4%
Elliot Gunberg
4%
Flagon
4%
Florian Reiss
4%
Gerald
4%
Griez
4%
Gross
4%
Harold
4%
Holger
4%
Klaus
4%
Koslow
4%
Lisa Braus
4%
Marlene
4%
Nambia
4%
Peaure
4%
Rashad
4%
Roderich
4%
Roeg
4%
Roy
4%
Sandra
4%
Urklyn Reiss
4%
Varis
4%
Wim
4%
Zulma
4%
Aucun quiz correspondant
Distribution des résultats
% des personnes avec chaque résultat
Percentile par nombre de réponses
Votre historique - résultats
Vous n’avez pas pris ce quiz